000 00490nam a2200169 i 4500
001 51595
003 ES-MaACL
005 20260303063012.0
007 t|
008 030814s1925 it ||||1| ita d
100 0 _aChiappelli, Alessandro
_938459
245 1 0 _aArte del Rinascimento
_b: (richerche e saggi) /
_cAlesandro Chiappelli.
260 _aRoma :
_b[s.n.],
_c1925 (
_fGrafia)
300 _a578 p., 10 lám. ;
_c26 cm.
852 _aES-MaACL
_jF-35
999 _c51595
_d51595